{"text_format":"3","workbook":"xlsx","n_sheets":3,"sheets":["Estimate - Option A","Estimate - Option B","Spares"],"not_rendered":{"defined_names":2},"read":"whole","date_system":"1900"}

{"sheet":"Estimate - Option A","index":0,"n_rows":58,"n_cols":9,"rows_kept":58}
["MEDUPI POWER STATION",{"$nulls":7},"2023-05-10"]
["PRICING SCHEDULE :PROVISION OF CCTV MAINTENANCE, REPAIR AND SERVICES FOR MEDUPI POWER STATION FOR 36 MONTHS"]
["ENQUIRY NUMBER: LPMED0078GX"]
["Item","Description","Unit","Quantity","Estimated hours","Rate","Total","No. of Month","Total"]
[]
[null,"Section 1"]
[null,"Prelimnaries and General"]
[]
[null,"Prelimnaries and General - Fixed related items"]
[1,"Site office Containers with furniture","Sum",1,null,null,{"$f":"D10*F10","v":0},1,{"$f":"G10*H10","v":0}]
[{"$f":"A10+1","v":2},"Storage container","Sum",1,null,null,{"$f":"D11*F11","v":0},1,{"$f":"G11*H11","v":0}]
[{"$f":"A11+1","v":3},"Medical Clearance (entry and exit)","Sum",1,null,null,{"$f":"D12*F12","v":0},3,{"$f":"G12*H12","v":0}]
[4,"Safety PPE (issued annually)","Sum",1,null,null,0,3,0]
[5,"Safety file","Item",1,null,null,0,1,0]
[6,"Site de-establishment","Sum",1,null,null,{"$f":"D15*F15","v":0},1,0]
[]
[null,"Prelimnaries and General - Time related items"]
[]
[{"$f":"A15+1","v":7},"Travelling - site visit by engineer","km",{"$f":"(357*2)*4","v":2856},null,null,{"$f":"D19*F19","v":0},36,{"$f":"G19*H19","v":0}]
[{"$f":"A19+1","v":8},"Transport ","Month",1,null,null,{"$f":"D20*F20","v":0},36,{"$f":"G20*H20","v":0}]
[{"$f":"A19+1","v":8},"Accommodation (2 people)","Month",1,null,null,{"$f":"D21*F21","v":0},36,0]
[{"$f":"A21+1","v":9},"Accommodation for Engineer","day",5,null,null,0,36,0]
[{"$f":"A22+1","v":10},"Consumables - office running cost e.g coffee, stastionery and cleaning staff","months",1,null,null,{"$f":"D23*F23","v":0},36,{"$f":"G23*H23","v":0}]
[]
[null,"Sub Total",{"$nulls":6},{"$f":"SUM(I10:I24)","v":0}]
[]
[null,"Section 2"]
[null,"Labour"]
[]
[1,"Technician","hr",2,173,null,{"$f":"D30*E30*F30","v":0},36,{"$f":"G30*H30","v":0}]
[{"$f":"A30+1","v":2},"Engineer","hr",1,{"$f":"8*4","v":32},null,{"$f":"D31*E31*F31","v":0},36,0]
[]
[null,"Sub Total",{"$nulls":6},{"$f":"SUM(I30:I32)","v":0}]
[]
[null,"Section 3"]
[null,"Overtime"]
[]
[null,"Overtime @ 1.5 factor (Weekly and Saturday) as an when required"]
[]
[1,"Technician","hr",2,20,null,{"$f":"D40*E40*F40","v":0},36,{"$f":"G40*H40","v":0}]
[{"$f":"A40+1","v":2},"Engineer","hr",1,10,null,{"$f":"D41*E41*F41","v":0},36,0]
[]
[]
[null,"Overtime @ 2 factor (Weekly and Saturday) as an when required"]
[]
[{"$f":"A41+1","v":3},"Technician","hr",2,20,null,{"$f":"D46*E46*F46","v":0},36,{"$f":"G46*H46","v":0}]
[{"$f":"A46+1","v":4},"Engineer","hr",1,10,null,{"$f":"D47*E47*F47","v":0},36,0]
[]
[null,"Sub Total",{"$nulls":6},{"$f":"SUM(I40:I48)","v":0}]
[]
[null,"Section 5"]
[null,"Spares"]
[]
[1,"Material (Cat6 cables, Fibre optic cables, Hard Drivers,CCTV Cameras contact Cleaners, Proforma coating, Power cables, Power supply, solar system equipment for portable cameras including all the CCTV faulty equipment’s that need to be replace with a brand new one","Monthly",1,null,null,{"$f":"D54*F54","v":0},36,{"$f":"G54*H54","v":0}]
[]
[null,"Sub Total",{"$nulls":6},{"$f":"SUM(I54:I55)","v":0}]
[null,"VALUE ADDED TAX                                                                                                                                                                                                                                         @15%"]
[null,"Total",{"$nulls":6},{"$f":"I25+I33+I49+I56","v":0}]

{"sheet":"Estimate - Option B","index":1,"n_rows":61,"n_cols":10,"rows_kept":61,"hidden":true}
["MEDUPI POWER STATION",{"$nulls":7},"2022-05-09"]
["QUANTITY SURVEYING "]
["ESTIMATE REPORT: PROVISION OF MAINTENANCE, REPAIR AND SERVICES FOR MEDUPI POWER STATION FOR 36 MONTHS"]
[]
[]
["Item","Description","Unit","Quantity","Estimated hours","Rate","Total","No. of Month","Total"]
[]
[null,"Section 1"]
[null,"Prelimnaries and General"]
[]
[null,"Prelimnaries and General - Fixed related items"]
[1,"Site establishment - Once off","Sum",1,null,{"v":185000,"d":"185,000.00"},{"$f":"D12*F12","v":{"v":185000,"d":"185,000.00"}},1,{"$f":"G12*H12","v":{"v":185000,"d":"185,000.00"}}]
[2,"Medical Clearance (entry and exit)","Sum",1,null,{"$f":"900*3","v":{"v":2700,"d":"2,700.00"}},{"$f":"D13*F13","v":{"v":2700,"d":"2,700.00"}},3,{"$f":"G13*H13","v":{"v":8100,"d":"8,100.00"}}]
[3,"Safety PPE (issued annually)","Sum",1,null,{"$f":"8500*3","v":{"v":25500,"d":"25,500.00"}},{"v":25500,"d":"25,500.00"},3,{"v":76500,"d":"76,500.00"}]
[4,"Safety file","Item",1,null,{"v":15000,"d":"15,000.00"},{"v":15000,"d":"15,000.00"},1,{"v":15000,"d":"15,000.00"}]
[5,"Site de-establishment","Sum",1,null,{"v":104000,"d":"104,000.00"},{"$f":"D16*F16","v":{"v":104000,"d":"104,000.00"}},1,{"v":104000,"d":"104,000.00"},{"$f":"SUM(I12:I16)","v":{"v":388600,"d":"388,600.00"}}]
[]
[null,"Prelimnaries and General - Time related items"]
[]
[7,"Travelling ","km",{"$f":"(357*2)*2*4.33","v":6183.24},null,{"v":9.8,"d":"9.80"},{"$f":"D20*F20","v":{"v":60595.752,"d":"60,595.75"}},36,{"$f":"G20*H20","v":{"v":2181447.072,"d":"2,181,447.07"}}]
[9,"Accommodation ","day",2,null,{"$f":"(1500*5)*1.25","v":9375},{"$f":"D21*F21","v":{"v":18750,"d":"18,750.00"}},36,{"v":675000,"d":"675,000.00"}]
[10,"Consumables - office running cost e.g coffee, ststionery and cleaning staff","months",1,null,{"v":5000,"d":"5,000.00"},{"v":5000,"d":"5,000.00"},36,{"v":180000,"d":"180,000.00"},{"$f":"SUM(I20:I22)","v":{"v":3036447.072,"d":"3,036,447.07"}}]
[]
[null,"Sub Total",{"$nulls":6},{"$f":"SUM(I12:I23)","v":{"v":3425047.072,"d":"3,425,047.07"}}]
[]
[null,"Section 2"]
[null,"Labour"]
[]
[1,"Technician","hr",2,{"$f":"(2*8)*4","v":64},{"v":383,"d":"383.00"},{"$f":"D29*E29*F29","v":{"v":49024,"d":"49,024.00"}},36,{"$f":"G29*H29","v":{"v":1764864,"d":"1,764,864.00"}}]
[{"$f":"A29+1","v":2},"Assistant Technician","hr",2,{"$f":"(2*8)*4","v":64},{"v":185,"d":"185.00"},{"$f":"D30*E30*F30","v":{"v":23680,"d":"23,680.00"}},36,{"v":852480,"d":"852,480.00"}]
[{"$f":"A30+1","v":3},"Engineer","hr",1,{"$f":"8*4","v":32},{"v":550,"d":"550.00"},{"v":17600,"d":"17,600.00"},36,{"v":633600,"d":"633,600.00"}]
[]
[null,"Sub Total",{"$nulls":6},{"$f":"SUM(I29:I32)","v":{"v":3250944,"d":"3,250,944.00"}}]
[]
[null,"Section 3"]
[null,"Overtime"]
[]
[null,"Overtime @ 1.5 factor (Weekly and Saturday) as an when required"]
[]
[1,"Technician","hr",2,20,{"$f":"383*1.5","v":{"v":574.5,"d":"574.50"}},{"$f":"D40*E40*F40","v":{"v":22980,"d":"22,980.00"}},36,{"$f":"G40*H40","v":{"v":827280,"d":"827,280.00"}}]
[{"$f":"A40+1","v":2},"Assistant Technician","hr",2,20,{"$f":"185*1.5","v":{"v":277.5,"d":"277.50"}},{"$f":"D41*E41*F41","v":{"v":11100,"d":"11,100.00"}},36,{"v":399600,"d":"399,600.00"}]
[{"$f":"A41+1","v":3},"Engineer","hr",1,10,{"$f":"550*1.5","v":{"v":825,"d":"825.00"}},{"v":8250,"d":"8,250.00"},36,{"v":297000,"d":"297,000.00"}]
[]
[]
[null,"Overtime @ 2 factor (Weekly and Saturday) as an when required"]
[]
[1,"Technician","hr",2,20,{"$f":"383*2","v":{"v":766,"d":"766.00"}},{"$f":"D47*E47*F47","v":{"v":30640,"d":"30,640.00"}},36,{"$f":"G47*H47","v":{"v":1103040,"d":"1,103,040.00"}}]
[{"$f":"A47+1","v":2},"Assistant Technician","hr",2,20,{"$f":"185*2","v":{"v":370,"d":"370.00"}},{"$f":"D48*E48*F48","v":{"v":14800,"d":"14,800.00"}},36,{"v":532800,"d":"532,800.00"}]
[{"$f":"A48+1","v":3},"Engineer","hr",1,10,{"$f":"550*2","v":{"v":1100,"d":"1,100.00"}},{"v":11000,"d":"11,000.00"},36,{"v":396000,"d":"396,000.00"}]
[]
[null,"Sub Total",{"$nulls":6},{"$f":"SUM(I40:I50)","v":{"v":3555720,"d":"3,555,720.00"}}]
[]
[]
[null,"Section 4"]
[null,"Spares"]
[]
[1,"Material (Cat6 cables, Fibre optic cables, Hard Drivers,CCTV Cameras contact Cleaners, Proforma coating, Power cables, Power supply, solar system equipment for portable cameras including all the CCTV faulty equipment’s that need to be replace with a brand new one","Monthly",1,null,{"$f":"60290*1.06","v":{"v":63907.4,"d":"63,907.40"}},{"$f":"D57*F57","v":{"v":63907.4,"d":"63,907.40"}},36,{"$f":"G57*H57","v":{"v":2300666.4,"d":"2,300,666.40"}}]
[]
[null,"Sub Total",{"$nulls":6},{"$f":"SUM(I57:I58)","v":{"v":2300666.4,"d":"2,300,666.40"}}]
[]
[null,"TOTAL",{"$nulls":6},{"$f":"I24+I33+I51+I59","v":{"v":12532377.472000001,"d":"12,532,377.47"}}]

{"sheet":"Spares","index":2,"n_rows":28,"n_cols":2,"rows_kept":28,"hidden":true}
[]
[]
[]
[null,"Dell Microsoft Windows Server 2013 License 623-BBDB"]
[null,"Dell Windows Server 2019 CAL 623-BBCY"]
[null,"UNV-Ultra H,265-128 Channel NVR with 16 SATA HDD up to 6TB (Smart Analytics"]
[null,"UNV-Seagate SkyHawk 6TB Surveillance Hard Drive"]
[null,"UNV-EZStation 3,0 Video Management Software & License"]
[null,"(Uniview 3 years Software upgrade Plan 1CH)"]
[null,"Eight Info trend ESDS S16S-J2000-R"]
[null,"Dallmieir Panamera SeMSy Compact Workstation 3 Rack-Mount"]
[null,"Dallmieir Panamera SeMSy Compact (Licenses for SeMSy Compact Workstation"]
[null,"(Licenses for Dallmeier recording system and firmware upgrade)"]
[null,"Seagate Skyhawk 4Tb 3,5\" Hdd Surveillance Drives, Sata 6Gb/S Interface:"]
[null,"64Mb Cache: Rpm: 5400"]
[null,"Aruba 2620-24-PoE+ Switch Managed 24 x RJ45 Autosensing 10/100 PoE+ ports"]
[null,"2 x RJ45 Autosensing 10/100/1000 ports 2 x open minin-GBIC slots Lifetime Warrantly 2,0"]
[null,"Dual Cable / Duplex Single Mode UPC LC-LC Fiber Cable /"]
[null,"Various Lenghts Fiber Patch Leads-1,5 Meters"]
[null,"CCTV 9 Channel 10A PSU Power Supply -120W"]
[null,"Axis Communications P32 Series P3227-LV 5MP Network Dome Camera With Nigh Vision"]
[null,"Axis Communications Q6042-E PTZ Outdoor IP Dome Camera With 36x Optical Zoom"]
[null,"Solar 275W PV Module"]
[null,"Morningstar PS-30M 30A Solar Charge Controller"]
[null,"Gel Oliter 200ah Solar Battery"]
[null,"Ubiquiti AirMax NanoStation M2:2,4GHz Hi Power 2x2 MIMO AirMax TDMA"]
[null,"Dell Latitude E5540 9 Cell Battery"]
[null,"Windows 10 Pro-Licence"]